Taller d'entrenament de la memòria : primer nivell primer nivell
Descripción Física:
161 f. solts : il. col. ; 29 cm
MARC
| LEADER | 00000nam a2200000Ia 4500 | ||
|---|---|---|---|
| 001 | 23370 | ||
| 008 | 160829s2009 xx 000 0 cat d | ||
| 080 | |a S-1-330 | ||
| 245 | |a Taller d'entrenament de la memòria : |b primer nivell | ||
| 260 | |a Barcelona : |b Diputació de Barcelona. Àrea de Benestar Social, |c 2009 | ||
| 300 | |a 161 f. solts : |b il. col. ; |c 29 cm | ||
| 590 | |a Els fulls tenen forats per a ser enquadernats | ||
| 650 | |a Memòria en les persones grans |9 48725 | ||
| 650 | |a Material didàctic |9 22831 | ||
| 710 | 1 | |a Barcelona (Catalunya : Província). |b Àrea de Benestar Social |9 52988 | |
| 901 | |a Arxiu | ||
| 942 | |n 1 | ||
| 952 | |0 0 |1 0 |4 0 |6 S1330 |7 1 |9 54807 |a Arxiu |b Arxiu |d 2012-01-17 |l 0 |o S-1-330 |p 23370 |r 2016-12-01 00:00:00 |w 2016-12-01 |y ARXIU | ||
| 999 | |c 58676 |d 58676 | ||